El puente de la ortografía; 2º año /

Guardado en:
Autor Principal: Basch, Adela
Formato: Libro
Publicado: Buenos Aires : Santillana, 1992
Materias:
Etiquetas: Agregar Etiqueta
Sin Etiquetas, Sea el primero en etiquetar este registro!
LEADER 01030nam a22002535a 4500
001 CEM.cems015713
005 20130506170720.0
008 130507s1992##################000#0#####d
003 CEMS
020 |a 9504601596 
082 0 4 |a 468.1 
100 1 |a Basch, Adela 
245 1 0 |a El puente de la ortografía; 2º año /  |c Adela Basch y Beatriz A. Fernández de Reboursin 
260 |a Buenos Aires :  |b Santillana,  |c 1992 
300 |a 111 p. 
653 |a Lengua y literatura 
653 |a Lingüística-ortografía 
859 |a CEMS  |b BIB. CEMS - Agricultura  |h 468.1  |i B29  |p A18862.96  |t Ej.1  |v 2  |3 2 
859 |a CEMS  |b BIB. CEMS - 11 de abril  |h 468.1  |i B29/II  |p 16657.92  |t Ej.1 
859 |a CEMS  |b BIB. CEMS - 11 de abril  |h 468.1  |i B29/II  |p 16658.92  |t Ej.2 
859 |a CEMS  |b BIB. CEMS - 11 de abril  |h 468.1  |i B29/II  |p 16659.92  |t Ej.3 
859 |a CEMS  |b BIB. CEMS - 11 de abril  |h 468.1  |i B29/II  |p 16841.93  |t Ej.4 
859 |a CEMS  |b BIB. CEMS - 11 de abril  |h 468.1  |i B29/II  |p 17352.93  |t Ej.5 
859 |a CEMS  |b BIB. CEMS - 11 de abril  |h 468.1  |i B29/II  |p 18048.95  |t Ej.6